| 000 | 00378nam a2200145 a 4500 | ||
|---|---|---|---|
| 005 | 20140412111407.0 | ||
| 008 | 070706s19uu xx 00 eng d | ||
| 020 | _a0-307-00326-4 | ||
| 050 |
_aER _bJu87 1997 |
||
| 100 | _aKipling, Rudyard | ||
| 245 |
_aThe Jungle book / _cRudyard Kipling. |
||
| 260 |
_aNew York : _bGolden, _c1997. |
||
| 440 | _aWalt Disney | ||
| 999 |
_c105575 _d105575 |
||